| 000 | 00781nam a2200241 u 4500 | ||
|---|---|---|---|
| 001 | 000002293 | ||
| 005 | 20251106113413.0 | ||
| 008 | 090701s1981 dr a 000 0 spa d | ||
| 040 |
_aDO-SdBNP _bspa _cBNPHU |
||
| 082 |
_a333.7097293 _bH552r |
||
| 100 | 1 |
_aHamlet, Hermann, _d1934-2016 _936649 |
|
| 245 | 1 | 0 |
_aRecursos / _cHamlet Hermann. |
| 260 |
_aSanto Domingo : _bDirectorio Comercial e industrial, _c1981. |
||
| 300 |
_a188 p. : _bil. ; _c22 cm. |
||
| 504 | _aBibliografía: p. 188 | ||
| 590 | _aInventariado, 2018/MFF | ||
| 650 | 4 |
_aRecursos naturales _zRepública Dominicana _91560 |
|
| 650 | 4 |
_aPetróleo _zRepública Dominicana _97295 |
|
| 650 | 4 |
_aOro _97296 |
|
| 650 | 4 |
_aNiquel _97297 |
|
| 650 | 0 |
_aIndustria azucarera _97298 |
|
| 910 | _aValidado. Control de calidad MFF | ||
| 999 |
_c2138 _d2138 |
||